| 000 | 01994nam a2200577 i 4500 | ||
|---|---|---|---|
| 001 | 30893 | ||
| 003 | KOSZ 005 | ||
| 005 | 20210609093209.0 | ||
| 008 | 980702s1996 pl a f |000 0 pol | ||
| 015 | _aUWD 1996/13493 | ||
| 020 | _a8386676795 | ||
| 035 | _a991004332319705066 | ||
| 035 | _a(PL-WaBN)b11146230-48omnis_nlop | ||
| 035 | _ab11146230 | ||
| 035 | _a(OCoLC)749922376 | ||
| 035 | _a(PL)b0000001114623 | ||
| 035 | _a(EXLNZ-48OMNIS_NETWORK)9910331681405606 | ||
| 040 |
_aWA N _cWA N _dKOSZ 005/EG |
||
| 046 | _k1996 | ||
| 080 | _a621.311 | ||
| 080 | _a621.039 | ||
| 080 | _a539.1 | ||
| 080 | _a614.87 | ||
| 080 | _a504.05 | ||
| 080 | _a(438) | ||
| 245 | 0 | 0 |
_aZmiany sytuacji radiologicznej środowiska Polski w okresie 10 [dziesięciu] lat po awarii w Czarnobylu / _caut. Jan Jagielak [et al. ; red. Ewa Źrałek ; Państwowa Inspekcja Ochrony Środowiska]. |
| 260 |
_aWarszawa : _bPIOŚ, _c1996. |
||
| 300 |
_a100 s. : _b1 fot., mapy, wykr. ; _c24 cm. |
||
| 336 |
_aTekst _btxt _2rdacontent |
||
| 337 |
_aBez urządzenia pośredniczącego _bn _2rdamedia |
||
| 338 |
_aWolumin _bnc _2rdacarrier |
||
| 380 | _aKsiążki | ||
| 388 | _a1901-2000 | ||
| 388 | _a1989-2000 | ||
| 490 | 1 | _aBiblioteka Monitoringu Środowiska | |
| 504 | _aBibliogr. s. 89-90. | ||
| 650 | 7 |
_aDegradacja środowiska _2DBN |
|
| 650 | 7 |
_aKatastrofa jądrowa w Czarnobylu (1986) _2DBN |
|
| 650 | 7 |
_aPromieniowanie jonizujące _2DBN |
|
| 650 | 7 |
_aPomiary _2DBN |
|
| 650 | 7 |
_aŻywność _2DBN |
|
| 651 | _aPolska | ||
| 658 | _aOchrona środowiska | ||
| 700 | 1 |
_aJagielak, Jan _eAutor |
|
| 700 | 1 |
_aŹrałek, Ewa _eRedakcja |
|
| 710 | 1 |
_aPaństwowa Inspekcja Ochrony Środowiska _4pbl |
|
| 830 | 0 | _aBiblioteka Monitoringu Środowiska | |
| 856 |
_uhttp://koha.tu.koszalin.pl/cgi-bin/koha/opac-detail.pl?biblionumber=30893 _yKatalog online BPK |
||
| 942 |
_2UKD _cKS |
||
| 999 |
_c30893 _d30893 |
||